Introduction to positive economics (Record no. 5640)

000 -LEADER
fixed length control field 00453nam a22001817a 4500
001 - CONTROL NUMBER
control field 5640
003 - CONTROL NUMBER IDENTIFIER
control field BD-DhUET
008 - FIXED-LENGTH DATA ELEMENTS--GENERAL INFORMATION
fixed length control field 141127b xxu||||| |||| 00| 0 eng d
040 ## - CATALOGING SOURCE
Transcribing agency 0
Modifying agency BD-DhUET
082 ## - DEWEY DECIMAL CLASSIFICATION NUMBER
Classification number 330
Item number LIP/1971
100 ## - MAIN ENTRY--PERSONAL NAME
Personal name Lipsey, Richard G.
245 ## - TITLE STATEMENT
Title Introduction to positive economics
250 ## - EDITION STATEMENT
Edition statement 3rd ed.
260 ## - PUBLICATION, DISTRIBUTION, ETC. (IMPRINT)
Name of publisher, distributor, etc. English Language Book
Place of publication, distribution, etc. Hampshire
Date of publication, distribution, etc. 1971
300 ## - PHYSICAL DESCRIPTION
Extent xx, 740 p.
Other physical details ill.
Dimensions 26 cm.
650 #0 - SUBJECT ADDED ENTRY--TOPICAL TERM
Topical term or geographic name as entry element Economics
942 ## - ADDED ENTRY ELEMENTS (KOHA)
Koha item type General Book
Holdings
Not for loan Koha full call number Piece designation (barcode) Date acquired Shelving location Withdrawn status Koha collection Source of classification or shelving scheme Location (home branch) Koha normalized classification for sorting Koha item type Koha date last seen Lost status Sublocation or collection (holding branch) Damaged status Copy number Price effective from
 330/LIP/1971236932014-11-27Circulation section   Central Library, BUET330LIP1971General Book2014-11-27 Central Library, BUET 12014-11-27
 330/LIP/1971237022014-11-27Circulation section   Central Library, BUET330LIP1971General Book2014-11-27 Central Library, BUET 22014-11-27
 330/LIP/1971236892015-01-27Circulation section   Central Library, BUET330_000000000000000_LIP_1971General Book2015-01-27 Central Library, BUET 32015-01-27
 330/LIP/1971236842015-01-27Circulation section   Central Library, BUET330_000000000000000_LIP_1971General Book2015-01-27 Central Library, BUET 42015-01-27
 330/LIP/1971237102015-01-27Circulation section   Central Library, BUET330_000000000000000_LIP_1971General Book2015-01-27 Central Library, BUET 52015-01-27
 330/LIP/1971237132015-01-27Circulation section   Central Library, BUET330_000000000000000_LIP_1971General Book2015-01-27 Central Library, BUET 62015-01-27
 330/LIP/1971236902015-01-27Cataloging section   Central Library, BUET330_000000000000000_LIP_1971General Book2015-01-27 Central Library, BUET 72015-01-27
 330/LIP/1971236982015-01-27Circulation section   Central Library, BUET330_000000000000000_LIP_1971General Book2015-01-27 Central Library, BUET 82015-01-27
 330/LIP/1971236852015-01-27Circulation section   Central Library, BUET330_000000000000000_LIP_1971General Book2015-01-27 Central Library, BUET 92015-01-27
 330/LIP/1971237122015-01-27Circulation section   Central Library, BUET330_000000000000000_LIP_1971General Book2015-01-27 Central Library, BUET 102015-01-27
 330/LIP/1971236772015-01-28Circulation section Non Fiction Central Library, BUET330_000000000000000_LIP_1971General Book2015-01-28 Central Library, BUET 42015-01-28
 330/LIP/1971237062015-01-28Circulation section Non Fiction Central Library, BUET330_000000000000000_LIP_1971General Book2015-01-28 Central Library, BUET 302015-01-28
 330/LIP/1971237052015-01-28Circulation section Non Fiction Central Library, BUET330_000000000000000_LIP_1971General Book2015-01-28 Central Library, BUET 292015-01-28
 330/LIP/1971236802015-01-28Circulation section Non Fiction Central Library, BUET330_000000000000000_LIP_1971General Book2015-01-28 Central Library, BUET 162015-01-28
 330/LIP/1971236912015-04-20Circulation section   Central Library, BUET330_000000000000000_LIP_1971General Book2015-04-20 Central Library, BUET 152015-04-20